01011njm a2200277Ia 450000100060000000300090000600500170001500800410003204000130007304000130008604100130009910000260011210000180013810000370015624500390019325000110023226000090024326000630025230000170031530000290033250000270036150501750038865000560056370000610061970000530068026669IT-RoPAU20220918181110.0131025s9999 xx 000 0 und d aIT-RoPAU cIT-RoPAU aITAL/TED aBach Johann Sebastian eAutore musica gCodice autore musica SPICS: 9695 aCantate sacre di J.S. Bach (Le) 40 a1a ed. aROMA bSPICS RECORDSc1984 [1a Ed.:1984 - Ed. Lingua Orig.: 1984] aMUSICASSETTA c90 minuti (Testo: pag.) aMusica sacra. Cantata. aCantata BWV 046 Schauet Doch Und Sehet, Ob Irgend Ein Schm - Cantata BWV 101 Nimm Von Uns, Herr, Du Treuer Gott - Cantata BWV 102 Herr, Deine Augen Sehen Nach Dem Glauben aMUSICA SACRA [CASSETTE]eCodice MATERIA SPICS: 9951 aBasso AlbertoeInterpretegCodice interprete SPICS: 9484 aBasso AlbertogCodice autore SPICS: 9484eAutore